000 00500nam a2200169 i 4500
001 123549
003 ES-MaACL
005 20230906192207.0
007 t|
008 070214s1955 sp r ||||1| spa d
100 1 _aRahner, Hugo.
_995011
245 1 0 _aIgnacio de Loyola y su histórica formación espiritual /
_cHugo Rahner.
260 _aSantander :
_bSal Terrae,
_c1955.
300 _a122 p. ;
_c17 cm.
600 0 4 _aIgnacio de Loyola
_c, Santo.
_965147
852 _aES-MaACL
_jC-11098
_bR.38352
999 _c123549
_d123549